[Event "COMMONWEALTH CHESS CHAMPIONSHI"]
[Site "Nagpur,India"]
[Date "2008.10.02"]
[Round "6.41"]
[White "Tejas Ravichandran"]
[Black "Minhazuddin, Ahmed"]
[Result "1-0"]
[WhiteElo "2123"]
[BlackElo "2339"]
[PlyCount "99"]
[EventDate "2008.09.28"]

1. Nf3 Nf6 2. c4 e6 3. Nc3 Bb4 4. Qb3 c5 5. g3 Nc6 6. a3 Bxc3 7. Qxc3 Qa5 8.
Qc2 O-O 9. Bg2 Rb8 10. O-O b5 11. d3 d6 12. Bg5 Nd7 13. b4 Qc7 14. bxc5 Nxc5
15. d4 Nd7 16. cxb5 Rxb5 17. Rfc1 Bb7 18. a4 Rb6 19. Be3 d5 20. Ng5 Nf6 21. Bf4
Qe7 22. Be5 g6 23. Qc5 Ne8 24. Qxe7 Nxe7 25. a5 Rc6 26. Nf3 f6 27. Bf4 g5 28.
Bd2 Nd6 29. Bb4 Rfc8 30. Rxc6 Rxc6 31. Bc5 Nec8 32. Nd2 f5 33. Nf3 Ba6 34. Nxg5
Nb7 35. e3 Nxc5 36. Rc1 Bc4 37. dxc5 Rxc5 38. Nxe6 Rxa5 39. Nd4 Nd6 40. Bh3 Ra2
41. Nxf5 Ne4 42. Bg2 Nc3 43. Bf1 Bxf1 44. Kxf1 Ne4 45. Ne7+ Kf7 46. Nxd5 Rxf2+
47. Kg1 Re2 48. Nf4 Ra2 49. Rc7+ Kf6 50. Rxh7 {Black Resigns} 1-0

[Event "COMMONWEALTH CHESS CHAMPIONSHI"]
[Site "Nagpur,India"]
[Date "2008.10.02"]
[Round "6.42"]
[White "Meenakshi, Subbaraman"]
[Black "Pon, N  Krithika"]
[Result "1-0"]
[WhiteElo "2336"]
[BlackElo "2156"]
[PlyCount "87"]
[EventDate "2008.09.28"]

1. e4 Nf6 2. Nc3 d5 3. e5 d4 4. exf6 dxc3 5. fxg7 cxd2+ 6. Qxd2 Qxd2+ 7. Bxd2
Bxg7 8. O-O-O Nc6 9. Ne2 Bd7 10. Nf4 O-O-O 11. f3 Bh6 12. Bc4 Ne5 13. Bb3 Bc6
14. Nd5 Bxd2+ 15. Rxd2 Bxd5 16. Rxd5 Rxd5 17. Bxd5 e6 18. Re1 Ng6 19. Be4 c6
20. Kd2 Kc7 21. g3 f5 22. Bd3 Kd6 23. Ke3 Ke5 24. Bc4 Kf6 25. Rd1 Ke7 26. g4
Rf8 27. a4 fxg4 28. fxg4 Rf4 29. Rd4 e5 30. Rxf4 exf4+ 31. Ke4 Kf6 32. Bg8 Kg7
33. Be6 Kf6 34. Bc8 b6 35. Bf5 Ne7 36. Kxf4 h6 37. Be4 c5 38. h4 a6 39. Bd3 a5
40. g5+ hxg5+ 41. hxg5+ Ke6 42. Bc4+ Kd6 43. b3 Kd7 44. Ke5 1-0

[Event "COMMONWEALTH CHESS CHAMPIONSHI"]
[Site "Nagpur,India"]
[Date "2008.10.02"]
[Round "6.43"]
[White "Girish, A  Koushik"]
[Black "Ramakrishna, J."]
[Result "1-0"]
[WhiteElo "2108"]
[BlackElo "2321"]
[PlyCount "84"]
[EventDate "2008.09.28"]

1. d4 c5 2. d5 e5 3. c4 d6 4. e4 Be7 5. Nf3 Nd7 6. Nc3 Ngf6 7. Be2 a6 8. O-O
Nf8 9. Ne1 Ng6 10. a4 Nd7 11. Nd3 Bg5 12. Bxg5 Qxg5 13. Qc1 Qe7 14. a5 Nf6 15.
Qe3 O-O 16. Na4 Ng4 17. Bxg4 Bxg4 18. f3 Bd7 19. Nb6 Rae8 20. b4 cxb4 21. Nxb4
f5 22. Nd3 Rf6 23. Rac1 Ref8 24. c5 f4 25. Qf2 Bb5 26. Rfd1 dxc5 27. Nxc5 h6
28. Ne6 Rxe6 29. dxe6 Qxe6 30. Qc5 Kh7 31. Rd6 Qe7 32. Nd5 Qf7 33. Qc7 Bc6 34.
Qxf7 Rxf7 35. Nb6 Re7 36. Kf2 Nf8 37. Rc5 Kg8 38. Nd5 Rf7 39. Nb4 Nd7 40. Rc1
Nf6 41. Nxc6 bxc6 42. Rcxc6 Rb7 {Black Resigns} 1-0

[Event "COMMONWEALTH CHESS CHAMPIONSHI"]
[Site "Nagpur,India"]
[Date "2008.10.02"]
[Round "6.44"]
[White "Grover, Sahaj"]
[Black "Sahoo, Utkal Ranjan"]
[Result "0-1"]
[WhiteElo "2306"]
[BlackElo "2124"]
[PlyCount "78"]
[EventDate "2008.09.28"]

1. e4 e5 2. Nf3 Nc6 3. Bb5 a6 4. Ba4 Nf6 5. O-O Be7 6. Qe2 b5 7. Bb3 O-O 8. c3
d5 9. d3 Bb7 10. Nbd2 Re8 11. Rd1 Bf8 12. a3 Qd7 13. exd5 Nxd5 14. Ne4 Rad8 15.
Nfg5 h6 16. Nh3 f5 17. Ng3 Kh8 18. Qh5 Nce7 19. Ng5 g6 20. Qh4 Kg7 21. Nf3 Ng8
22. Re1 Be7 23. Qh3 Bf6 24. Ne2 Qd6 25. Bc2 Bc8 26. g3 e4 27. Nfd4 c5 28. dxe4
fxe4 29. Qg2 cxd4 30. cxd4 Bb7 31. Be3 Nge7 32. Rac1 Nf5 33. Nf4 Nxd4 34. Bxd4
Bxd4 35. Ne2 Bf6 36. Rcd1 Qe7 37. Nd4 e3 38. Qf1 Bxd4 39. Rxd4 exf2+ {White
Resigns} 0-1

[Event "COMMONWEALTH CHESS CHAMPIONSHI"]
[Site "Nagpur,India"]
[Date "2008.10.02"]
[Round "6.46"]
[White "Ajith, M P."]
[Black "Singh, D P."]
[Result "0-1"]
[WhiteElo "2104"]
[BlackElo "2299"]
[PlyCount "66"]
[EventDate "2008.09.28"]

1. d4 Nf6 2. Nf3 c5 3. c3 b6 4. g3 Bb7 5. Bg2 g6 6. O-O Bg7 7. Qb3 cxd4 8. Ne5
d5 9. cxd4 O-O 10. Nc3 e6 11. Bg5 Nc6 12. Nxc6 Bxc6 13. Rac1 Qd7 14. Bxf6 Bxf6
15. e3 Rab8 16. f4 b5 17. Qc2 Rfc8 18. b4 Be7 19. a3 a5 20. Rb1 axb4 21. axb4
Ba8 22. Rb3 Rc4 23. Rfb1 Rbc8 24. Bf1 Qc6 25. Bxc4 dxc4 26. R3b2 Qh1+ 27. Kf2
Qf3+ 28. Ke1 Qxe3+ 29. Kf1 Qf3+ 30. Ke1 Re8 31. d5 Qh1+ 32. Ke2 Qg2+ 33. Kd1
Qf3+ 0-1

[Event "COMMONWEALTH CHESS CHAMPIONSHI"]
[Site "Nagpur,India"]
[Date "2008.10.02"]
[Round "6.48"]
[White "Gahan, M G."]
[Black "Phadke, Sohan"]
[Result "0-1"]
[WhiteElo "2114"]
[BlackElo "2283"]
[PlyCount "70"]
[EventDate "2008.09.28"]

1. e4 c5 2. Nc3 Nc6 3. f4 g6 4. Nf3 Bg7 5. Bb5 Nd4 6. Bc4 e6 7. Nxd4 cxd4 8.
Ne2 Ne7 9. d3 O-O 10. O-O b6 11. Ng3 f5 12. e5 d6 13. exd6 Qxd6 14. Qf3 Rb8 15.
Re1 b5 16. Bb3 Kh8 17. Nh1 Re8 18. Nf2 Bb7 19. Qg3 Nd5 20. Nh3 Re7 21. Ng5 Rf8
22. Bd2 e5 23. Qh4 Bf6 24. Qh6 Rfe8 25. fxe5 Bxe5 26. Rf1 Qf6 27. Ne4 Qg7 28.
Qh3 Ne3 29. Bxe3 dxe3 30. Nc3 e2 31. Rfe1 Bxc3 32. bxc3 Qxc3 33. Qh4 Qxa1 34.
d4 g5 35. Qf2 Qd1 {White Resigns} 0-1

[Event "COMMONWEALTH CHESS CHAMPIONSHI"]
[Site "Nagpur,India"]
[Date "2008.10.02"]
[Round "6.49"]
[White "Ramnathan, Balasubramaniam"]
[Black "Harini, S."]
[Result "1-0"]
[WhiteElo "2271"]
[BlackElo "2070"]
[PlyCount "87"]
[EventDate "2008.09.28"]

1. d4 Nf6 2. Nf3 e6 3. g3 d5 4. Bg2 Be7 5. O-O O-O 6. c4 dxc4 7. Nbd2 c5 8.
Nxc4 Nc6 9. dxc5 Bxc5 10. Qxd8 Rxd8 11. Bg5 Be7 12. Rfd1 Rd5 13. Bxf6 Bxf6 14.
e4 Rc5 15. Rac1 e5 16. Rd5 Rxc4 17. Rxc4 Be6 18. Rcc5 Bxd5 19. exd5 Nd4 20. Nd2
b6 21. Rc7 Nb5 22. Rb7 Kf8 23. Nc4 Rc8 24. b3 Rc7 25. Rxc7 Nxc7 26. Kf1 Nb5 27.
Ke1 Ke7 28. Kd2 Nd6 29. Na3 g6 30. Nc2 a5 31. b4 axb4 32. Nxb4 Nb5 33. Kd3 Kd6
34. a4 Nc7 35. Kc4 Bg5 36. Nc6 f5 37. Na7 Kd7 38. d6 Ne6 39. Kd5 Bf6 40. Bf1
Nd4 41. Ba6 Nc2 42. Bb5+ Kd8 43. Ke6 Bg5 44. Nc6+ 1-0

[Event "COMMONWEALTH CHESS CHAMPIONSHI"]
[Site "Nagpur,India"]
[Date "2008.10.02"]
[Round "6.50"]
[White "Soman, Satchidanand"]
[Black "Raghavi, N."]
[Result "1-0"]
[WhiteElo "2251"]
[BlackElo "2064"]
[PlyCount "95"]
[EventDate "2008.09.28"]

1. d4 d5 2. Nf3 Nf6 3. g3 c5 4. Bg2 Nc6 5. O-O Bf5 6. e3 e6 7. Nc3 cxd4 8. Nxd4
Nxd4 9. exd4 Rc8 10. a3 Bd6 11. Be3 O-O 12. Re1 Qa5 13. Ra2 b5 14. f3 Rxc3 15.
bxc3 Qxc3 16. Qd2 Rc8 17. Qxc3 Rxc3 18. Bd2 Rxa3 19. Rea1 b4 20. Rxa3 bxa3 21.
c3 Bc2 22. Bc1 a5 23. Bxa3 Bxa3 24. Rxa3 a4 25. Bf1 Nd7 26. c4 dxc4 27. Bxc4
Kf8 28. Rc3 Bd1 29. Kf2 e5 30. Rc1 Bb3 31. Bxb3 axb3 32. dxe5 Nxe5 33. Rb1 b2
34. f4 Ng4+ 35. Kg1 f5 36. Rxb2 Kf7 37. Kg2 h5 38. Kf3 Nf6 39. Ke3 h4 40. gxh4
Kg6 41. Rg2+ Kh6 42. Kd4 g6 43. Ke5 Nh5 44. h3 Ng7 45. Rg1 Nh5 46. Rg5 Ng7 47.
Kf6 Ne8+ 48. Ke7 1-0

[Event "COMMONWEALTH CHESS CHAMPIONSHI"]
[Site "Nagpur,India"]
[Date "2008.10.02"]
[Round "6.51"]
[White "Eswar, R."]
[Black "Pradeep, Kumar R A"]
[Result "0-1"]
[WhiteElo "2021"]
[BlackElo "2250"]
[PlyCount "88"]
[EventDate "2008.09.28"]

1. d4 Nf6 2. c4 g6 3. Nc3 Bg7 4. e4 d6 5. Bd3 Nc6 6. Nge2 e5 7. d5 Ne7 8. O-O
O-O 9. a4 a5 10. Bc2 Nd7 11. Be3 f5 12. exf5 Nxf5 13. Bxf5 gxf5 14. f4 b6 15.
Nb5 Ba6 16. Ra3 Bxb5 17. axb5 Qe7 18. Qd2 Rae8 19. Ng3 exf4 20. Bxf4 Qf6 21.
Raf3 Qxb2 22. Qxb2 Bxb2 23. Bh6 Bd4+ 24. Kh1 Ne5 25. Rxf5 Rxf5 26. Nxf5 Bc3 27.
Ng7 Rc8 28. Ne6 a4 29. Bc1 Ra8 30. Nxc7 Rf8 31. Rxf8+ Kxf8 32. c5 dxc5 33. d6
Nd7 34. Nd5 Bd4 35. g3 Kf7 36. Nf4 Be5 37. Ne2 Ke6 38. Kg2 Kxd6 39. Kf3 Kd5 40.
h4 Kc4 41. Ke4 Kb3 42. Kd5 Bb2 43. Kc6 a3 44. Kxd7 a2 {White Resigns} 0-1

[Event "COMMONWEALTH CHESS CHAMPIONSHI"]
[Site "Nagpur,India"]
[Date "2008.10.02"]
[Round "6.52"]
[White "Mehar, Chinna Reddy C H"]
[Black "Hardik Mehta"]
[Result "1-0"]
[WhiteElo "2239"]
[BlackElo "2037"]
[PlyCount "45"]
[EventDate "2008.09.28"]

1. e4 c5 2. Nf3 Nc6 3. d4 cxd4 4. Nxd4 Nf6 5. Nc3 e5 6. Ndb5 d6 7. Bg5 a6 8.
Na3 b5 9. Bxf6 gxf6 10. Nd5 Bg7 11. Bd3 Be6 12. O-O f5 13. Qh5 O-O 14. exf5
Bxd5 15. f6 e4 16. fxg7 Re8 17. Qxd5 exd3 18. Qxc6 b4 19. Nc4 d5 20. Nb6 Rb8
21. Nxd5 Re6 22. Qc4 dxc2 23. Ne3 {Black Resigns} 1-0

[Event "COMMONWEALTH CHESS CHAMPIONSHI"]
[Site "Nagpur,India"]
[Date "2008.10.02"]
[Round "6.54"]
[White "Narayanan, Srinath"]
[Black "Rishi, Thariani"]
[Result "1-0"]
[WhiteElo "2220"]
[BlackElo "2021"]
[PlyCount "67"]
[EventDate "2008.09.28"]

1. e4 e5 2. Nf3 Nc6 3. Bc4 Bc5 4. c3 Nf6 5. d3 d6 6. O-O O-O 7. Nbd2 a6 8. h3
Ba7 9. Bb3 Ne7 10. Re1 Ng6 11. Nf1 h6 12. Ng3 Be6 13. d4 Qd7 14. Be3 c6 15. Qd2
Kh7 16. Rad1 Qc8 17. Kh2 c5 18. Bc2 Rd8 19. b3 Ng8 20. d5 Bd7 21. c4 b5 22. Nf5
Qc7 23. Qe2 f6 24. Bd3 Rab8 25. g4 Nf8 26. Qd2 Bb6 27. Rg1 Ba5 28. Qc1 bxc4 29.
Bxc4 Bc8 30. h4 g5 31. hxg5 hxg5 32. Bxg5 fxg5 33. Qxg5 Nh6 34. Qf6 {Black
Resigns} 1-0

[Event "COMMONWEALTH CHESS CHAMPIONSHI"]
[Site "Nagpur,India"]
[Date "2008.10.02"]
[Round "6.56"]
[White "Russell, M K A."]
[Black "Pradip Tiwari"]
[Result "1-0"]
[WhiteElo "2213"]
[BlackElo "1960"]
[PlyCount "38"]
[EventDate "2008.09.28"]

1. d4 Nf6 2. c4 e6 3. Nc3 Bb4 4. Qc2 d5 5. a3 Bxc3+ 6. Qxc3 Ne4 7. Qc2 O-O 8.
Nf3 c6 9. Bf4 Nd7 10. e3 f5 11. h3 b5 12. cxb5 cxb5 13. Bc7 Qe8 14. Qc6 Nb8 15.
Qxe8 Rxe8 16. Bxb5 Bd7 17. Bxd7 Nxd7 18. Ne5 a5 19. Rc1 a4 {Score sheet is not
legible} 1-0

[Event "COMMONWEALTH CHESS CHAMPIONSHI"]
[Site "Nagpur,India"]
[Date "2008.10.02"]
[Round "6.57"]
[White "Patil, Pratik"]
[Black "Saurabh, Kherdekar"]
[Result "0-1"]
[WhiteElo "2003"]
[BlackElo "2213"]
[PlyCount "112"]
[EventDate "2008.09.28"]

1. e4 e6 2. d4 d5 3. Nd2 h6 4. c3 Nf6 5. e5 Nfd7 6. Bd3 c5 7. Ne2 Nc6 8. O-O
Qb6 9. Nf3 Be7 10. Bb1 a5 11. b3 cxd4 12. cxd4 a4 13. Bb2 axb3 14. axb3 Rxa1
15. Bxa1 Ndb8 16. Ne1 Bd7 17. f4 g6 18. Kh1 h5 19. Nf3 Na5 20. Nc1 Bb5 21. Rf2
Na6 22. Ng5 Nb4 23. Qf3 Rg8 24. g4 hxg4 25. Qxg4 Bxg5 26. Qxg5 Bd7 27. h4 Qc7
28. Bb2 Qd8 29. Qxd8+ Kxd8 30. Bc3 Nac6 31. Kh2 Na6 32. Nd3 Nc7 33. Nc5 Nb5 34.
Bb2 b6 35. Nxd7 Kxd7 36. Rd2 Nb4 37. Kh3 Rc8 38. Kh2 Nc3 39. Bc2 Ne4 40. Bxe4
dxe4 41. Re2 Nd5 42. Kg3 b5 43. Ba1 Rc1 44. Bb2 Rg1+ 45. Kh2 Rf1 46. Kg2 Rb1
47. Kg3 b4 48. Rg2 Ne7 49. Re2 Nf5+ 50. Kh3 e3 51. Kg4 Rg1+ 52. Kf3 Rf1+ 53.
Kg2 Rxf4 54. Bc1 Rxd4 55. Bxe3 Nxe3+ 56. Rxe3 Rxh4 {White Resigns} 0-1

[Event "COMMONWEALTH CHESS CHAMPIONSHI"]
[Site "Nagpur,India"]
[Date "2008.10.02"]
[Round "6.58"]
[White "Jabbar, Abdul"]
[Black "Shristi, J  Shetty"]
[Result "1-0"]
[WhiteElo "2211"]
[BlackElo "1959"]
[PlyCount "109"]
[EventDate "2008.09.28"]

1. e4 c5 2. Nf3 Nc6 3. d3 d6 4. Be2 e6 5. c3 Nf6 6. Bf4 e5 7. Bg5 Be7 8. Qc1 d5
9. Nbd2 Be6 10. Qc2 O-O 11. O-O Rc8 12. Rfe1 d4 13. Nf1 b5 14. a4 b4 15. c4 a5
16. b3 Nd7 17. Bxe7 Qxe7 18. Ng3 f5 19. exf5 Bxf5 20. Nd2 Bg6 21. Bf3 Rf4 22.
Bd5+ Kh8 23. f3 Nf6 24. Be4 Nxe4 25. Ndxe4 h5 26. Ne2 Rf7 27. Nf2 Qg5 28. Qc1
Qxc1 29. Raxc1 h4 30. Rcd1 Bf5 31. Kh1 Ne7 32. Ng1 Ng6 33. Ngh3 Bxh3 34. Nxh3
Re8 35. Re4 Kg8 36. Rde1 Kf8 37. Kg1 Rfe7 38. g3 hxg3 39. hxg3 Kf7 40. Ng5+ Kf6
41. Rg4 Nf8 42. Ne4+ Ke6 43. Nxc5+ Kd6 44. Ne4+ Kd7 45. Rg5 Nh7 46. Rg6 Rf8 47.
Kg2 Nf6 48. Nf2 Rh8 49. g4 Rh6 50. Rg5 Kd6 51. Kf1 Nh7 52. Rh5 Rxh5 53. gxh5
Ng5 54. Ne4+ Nxe4 55. Rxe4 1-0

[Event "COMMONWEALTH CHESS CHAMPIONSHI"]
[Site "Nagpur,India"]
[Date "2008.10.02"]
[Round "6.59"]
[White "Lobo, Richard A"]
[Black "Venkata Ramana, J."]
[Result "0-1"]
[WhiteElo "1979"]
[BlackElo "2205"]
[PlyCount "86"]
[EventDate "2008.09.28"]

1. e4 g6 2. d4 c6 3. Nf3 d5 4. exd5 cxd5 5. c4 Nf6 6. Nc3 Bg7 7. Qb3 dxc4 8.
Bxc4 O-O 9. d5 Nbd7 10. Be3 Ng4 11. Bg5 Nc5 12. Qb4 Qc7 13. O-O a5 14. Nb5 Qb6
15. Qa3 Bd7 16. Nc3 Rfc8 17. h3 Nxf2 18. Be3 Bxc3 19. Qxc3 Nfe4 20. Qe5 Qd6 21.
Qd4 b5 22. Bh6 f6 23. Bd3 Ng3 24. Bf4 Nxd3 25. Bxg3 Qxg3 26. Qxd3 Bf5 27. Qb3
a4 28. Qd1 Rc2 29. Ne1 Be4 30. Qg4 Qxg4 31. hxg4 Rxb2 32. d6 exd6 33. Rxf6 Rd8
34. Re6 Bd5 35. Re7 Rxa2 36. Rxa2 Bxa2 37. Rb7 Bc4 38. Nc2 d5 39. Nd4 a3 40.
Ra7 a2 41. Kf2 Re8 42. g5 b4 43. Nc6 b3 {White Resigns} 0-1

[Event "COMMONWEALTH CHESS CHAMPIONSHI"]
[Site "Nagpur,India"]
[Date "2008.10.02"]
[Round "6.60"]
[White "Vinoth, Kumar"]
[Black "Rathore, Sonakshi"]
[Result "1-0"]
[WhiteElo "2202"]
[BlackElo "1838"]
[PlyCount "77"]
[EventDate "2008.09.28"]

1. e4 d5 2. Nc3 d4 3. Nce2 c5 4. d3 Nc6 5. g3 Nf6 6. Bg2 e6 7. Nh3 Be7 8. f3 b6
9. O-O O-O 10. Nf2 Bb7 11. f4 Qc7 12. g4 Nd7 13. a3 f6 14. Ng3 Bd6 15. Nh3 g6
16. Qe1 Be7 17. f5 exf5 18. gxf5 g5 19. Nh5 Kh8 20. Nf2 Nce5 21. h4 h6 22. c4
a6 23. Qe2 Rg8 24. Nh3 Raf8 25. Bd2 Kh7 26. Kh1 Bd8 27. Rf2 Qd6 28. Rg1 Bc7 29.
Bf1 b5 30. b3 Qe7 31. hxg5 fxg5 32. Nxg5+ Rxg5 33. Bxg5 Qe8 34. Nf4 Nxd3 35.
Nxd3 Bxe4+ 36. Bg2 Bxd3 37. Qxd3 hxg5 38. f6+ Qg6 39. Be4 {Black Resigns} 1-0

[Event "COMMONWEALTH CHESS CHAMPIONSHI"]
[Site "Nagpur,India"]
[Date "2008.10.02"]
[Round "6.61"]
[White "Navalgund, Niranjan"]
[Black "Swapnil, S  Dhopade"]
[Result "0-1"]
[WhiteElo "2091"]
[BlackElo "2389"]
[PlyCount "100"]
[EventDate "2008.09.28"]

1. d4 Nf6 2. Nf3 c5 3. d5 b5 4. Bg5 Ne4 5. Bf4 Qa5+ 6. Nbd2 Bb7 7. a4 Bxd5 8.
axb5 Qb6 9. c4 Bb7 10. e3 d6 11. Nxe4 Bxe4 12. Ng5 Bb7 13. Qc2 g6 14. Qc3 f6
15. Ne6 Kf7 16. Nxf8 Rxf8 17. h4 a6 18. h5 g5 19. Bg3 Nd7 20. Qd3 Rh8 21. Qf5
e6 22. Qd3 Ke7 23. f4 g4 24. Kf2 axb5 25. Rxa8 Bxa8 26. cxb5 Bd5 27. Be2 c4 28.
Qd4 Qxd4 29. exd4 Rb8 30. Bxg4 Rxb5 31. Rb1 Be4 32. Re1 Rxb2+ 33. Kf1 f5 34.
Be2 c3 35. Rc1 c2 36. Ke1 Rb1 37. Kd2 Nb6 38. Bh4+ Kd7 39. Rxc2 Bxc2 40. Kxc2
Rg1 41. Bf3 Nd5 42. Bf2 Ra1 43. Bg3 Ra4 44. Kd3 Kc6 45. Bh2 Kb5 46. Be2 Kb4 47.
h6 Ra3+ 48. Kd2 Ra2+ 49. Kd3 Nf6 50. Bg3 Ra3+ {White Resigns} 0-1

[Event "COMMONWEALTH CHESS CHAMPIONSHI"]
[Site "Nagpur,India"]
[Date "2008.10.02"]
[Round "6.63"]
[White "Anuprita, Patil"]
[Black "Thakur, Akash"]
[Result "0-1"]
[WhiteElo "2068"]
[BlackElo "2276"]
[PlyCount "102"]
[EventDate "2008.09.28"]

1. e4 e5 2. Nf3 Nc6 3. Bb5 a6 4. Ba4 Nf6 5. O-O Be7 6. Re1 b5 7. Bb3 d6 8. c3
O-O 9. d4 Bg4 10. Be3 exd4 11. cxd4 Na5 12. Bc2 c5 13. h3 Bh5 14. g4 Bg6 15.
Nbd2 Re8 16. d5 Nd7 17. Nh2 c4 18. f3 Qc7 19. Rc1 Nc5 20. b4 cxb3 21. axb3 b4
22. Bd4 Bg5 23. Nhf1 Rac8 24. Ra1 Nab7 25. Nc4 a5 26. Nfe3 Ra8 27. Ng2 Bd8 28.
Qd2 Rc8 29. Red1 Be7 30. Kh2 Qd8 31. Kg3 Bf6 32. Bxf6 Qxf6 33. Nf4 a4 34. Nxg6
axb3 35. e5 dxe5 36. Bf5 hxg6 37. Bxc8 Rxc8 38. Rab1 e4 39. f4 Nd3 40. Ne5 Rc1
41. Rdxc1 Nxc1 42. Qxc1 g5 43. Qc8+ Kh7 44. Nc4 gxf4+ 45. Kg2 Nd6 46. Nxd6 Qxd6
47. Qf5+ Qg6 48. Qe5 e3 49. d6 Qc2+ 50. Kf3 Qf2+ 51. Ke4 e2 {White Resigns} 0-1

[Event "COMMONWEALTH CHESS CHAMPIONSHI"]
[Site "Nagpur,India"]
[Date "2008.10.02"]
[Round "6.64"]
[White "Hasan, Mehdi"]
[Black "Divyasri, Ch"]
[Result "1/2-1/2"]
[WhiteElo "2264"]
[BlackElo "2081"]
[PlyCount "90"]
[EventDate "2008.09.28"]

1. e4 e5 2. Nf3 Nc6 3. Bc4 Bc5 4. c3 Nf6 5. d3 a6 6. Bb3 Ba7 7. Nbd2 O-O 8. O-O
d6 9. Nc4 Ne7 10. Bg5 Ng6 11. Nh4 Kh8 12. Kh1 h6 13. Nxg6+ fxg6 14. Be3 Ng4 15.
Qe2 Qh4 16. h3 Nxe3 17. Nxe3 Bxh3 18. Kg1 Rf4 19. f3 Qg5 20. Rf2 Rh4 21. Re1
Qg3 22. Qd2 Bd7 23. Bd5 c6 24. Bb3 Qh2+ 25. Kf1 Qf4 26. Ke2 Rh2 27. Kd1 a5 28.
a3 a4 29. Ba2 Rh1 30. Rxh1 Bxe3 31. Qe2 Bxf2 32. Qxf2 Qf6 33. Qb6 Qd8 34. Qe3
g5 35. Kc2 b5 36. d4 Qf6 37. Rd1 Be6 38. Bxe6 Qxe6 39. d5 cxd5 40. Rxd5 Rb8 41.
Qa7 Rf8 42. Rxb5 Qc4 43. Rb8 Qe2+ 44. Kb1 Qf1+ 45. Ka2 Qc4+ {three fold}
1/2-1/2

[Event "COMMONWEALTH CHESS CHAMPIONSHI"]
[Site "Nagpur,India"]
[Date "2008.10.02"]
[Round "6.65"]
[White "Mari Arul, S."]
[Black "Gagare, Shardul"]
[Result "1/2-1/2"]
[WhiteElo "2249"]
[BlackElo "2070"]
[PlyCount "29"]
[EventDate "2008.09.28"]

1. e4 c6 2. d4 d5 3. Nc3 dxe4 4. Nxe4 Nf6 5. Nxf6+ gxf6 6. Nf3 Bf5 7. Bd3 Nd7
8. O-O Bg6 9. Re1 e6 10. d5 cxd5 11. Bxg6 hxg6 12. Qxd5 Qc7 13. Qd4 Bc5 14. Qa4
Qc6 15. Qxc6 1/2-1/2

[Event "COMMONWEALTH CHESS CHAMPIONSHI"]
[Site "Nagpur,India"]
[Date "2008.10.02"]
[Round "6.66"]
[White "Suraj, M."]
[Black "Nadig, Kruttika"]
[Result "1-0"]
[WhiteElo "2058"]
[BlackElo "2240"]
[PlyCount "95"]
[EventDate "2008.09.28"]

1. e4 c5 2. c3 d6 3. d4 Nf6 4. dxc5 Nc6 5. f3 d5 6. exd5 Qxd5 7. Qxd5 Nxd5 8.
Bc4 e6 9. Bxd5 exd5 10. Bf4 Bxc5 11. Ne2 O-O 12. Nd2 Re8 13. Nb3 Bb6 14. Kd2
Ne5 15. Bxe5 Rxe5 16. Ned4 Bd7 17. Rhe1 f6 18. Re2 a5 19. Rae1 a4 20. Nc1 Rxe2+
21. Ncxe2 Bc7 22. Ng3 Kf7 23. Ngf5 Bf4+ 24. Kd3 Re8 25. Rxe8 Bxe8 26. Nxg7 Bxh2
27. Nxe8 Kxe8 28. Ne2 Be5 29. f4 Bd6 30. Kd4 Kd7 31. Kxd5 b6 32. b3 axb3 33.
axb3 Bc5 34. Nd4 Ba3 35. b4 Bc1 36. f5 Bd2 37. Ne2 Be1 38. b5 Bd2 39. c4 Bb4
40. Nd4 Ba3 41. Ne6 Be7 42. g4 h6 43. c5 bxc5 44. Nxc5+ Kc7 45. Ne4 Kb6 46. Ke6
Bb4 47. Nxf6 Kxb5 48. Ng8 {Black Resigns} 1-0

[Event "COMMONWEALTH CHESS CHAMPIONSHI"]
[Site "Nagpur,India"]
[Date "2008.10.02"]
[Round "6.67"]
[White "Deepthamsh, Reddy  M"]
[Black "Chatterjee, Debaraj"]
[Result "1/2-1/2"]
[WhiteElo "2017"]
[BlackElo "2231"]
[PlyCount "113"]
[EventDate "2008.09.28"]

1. d4 Nf6 2. c4 c5 3. d5 e6 4. Nc3 exd5 5. cxd5 d6 6. e4 g6 7. Nf3 a6 8. a4 Bg4
9. Be2 Bxf3 10. Bxf3 Bg7 11. O-O O-O 12. Bf4 Qe7 13. Re1 Nbd7 14. Qc2 Rab8 15.
a5 Rfe8 16. h3 h5 17. Be2 Nh7 18. Kh1 Qf6 19. Bh2 Qxf2 20. Rf1 Qh4 21. Bxd6
Rbc8 22. Bh2 Be5 23. Bxe5 Rxe5 24. Qd2 Qg5 25. Qf4 Rf8 26. Bc4 Qxf4 27. Rxf4
Nhf6 28. Raf1 Ne8 29. b3 Nd6 30. Bd3 Kg7 31. R4f2 Re7 32. Re2 Ne5 33. Bb1 f6
34. Na4 Nd7 35. Bd3 f5 36. e5 Rxe5 37. Rxe5 Nxe5 38. Nxc5 Rc8 39. b4 Nxd3 40.
Nxd3 Ne4 41. Rc1 Rxc1+ 42. Nxc1 Nc3 43. d6 Kf6 44. Nd3 Nd5 45. Nc5 Nxb4 46.
Nxb7 Ke6 47. g4 hxg4 48. hxg4 Kd7 49. gxf5 gxf5 50. Kg2 Ke6 51. d7 Kxd7 52. Kf3
Kc6 53. Nd8+ Kc7 54. Nf7 Nd5 55. Nh6 Ne7 56. Kf4 Kd6 57. Nxf5+ 1/2-1/2

[Event "COMMONWEALTH CHESS CHAMPIONSHI"]
[Site "Nagpur,India"]
[Date "2008.10.02"]
[Round "6.68"]
[White "Nirmal, E P."]
[Black "Mohana, Priya J"]
[Result "0-1"]
[WhiteElo "2211"]
[BlackElo "2048"]
[PlyCount "52"]
[EventDate "2008.09.28"]

1. d4 d5 2. Nf3 Nf6 3. e3 e6 4. Bd3 c5 5. c3 Nc6 6. O-O Bd6 7. Nbd2 O-O 8. Qe2
e5 9. dxc5 Bxc5 10. e4 Re8 11. exd5 Nxd5 12. Ne4 Nf4 13. Bxf4 exf4 14. Rad1 Bg4
15. Qc2 Bxf3 16. gxf3 Qh4 17. Nxc5 Re5 18. Bf5 g6 19. Bg4 Rxc5 20. Rfe1 Ne5 21.
b4 Nxg4 22. bxc5 Qxh2+ 23. Kf1 Ne3+ 24. Rxe3 fxe3 25. Rc1 exf2 26. Qb1 Re8 {
White Resigns} 0-1

[Event "COMMONWEALTH CHESS CHAMPIONSHI"]
[Site "Nagpur,India"]
[Date "2008.10.02"]
[Round "6.70"]
[White "Gurpreet, Singh Maras"]
[Black "Sree, Lakshmi V"]
[Result "1-0"]
[WhiteElo "2187"]
[BlackElo "1921"]
[PlyCount "84"]
[EventDate "2008.09.28"]

1. e4 c5 2. Nc3 e6 3. g3 Nc6 4. Bg2 a6 5. d3 Nf6 6. h3 Be7 7. f4 d6 8. Nf3 Qc7
9. O-O Rb8 10. g4 g6 11. Ne2 d5 12. e5 Nd7 13. c3 h5 14. d4 hxg4 15. hxg4 Nb6
16. b3 c4 17. b4 Bd7 18. a4 Na7 19. Kf2 Bc6 20. a5 Na8 21. Rh1 Kd7 22. f5 Rbg8
23. Rxh8 Rxh8 24. fxg6 fxg6 25. Nf4 Nb5 26. Qc2 Rg8 27. Bd2 Qd8 28. Nxg6 Qe8
29. Nxe7 Qxe7 30. g5 Nac7 31. Rh1 Ne8 32. Rh7 Ng7 33. Qg6 Kd8 34. Bh3 Be8 35.
Qf6 Bh5 36. g6 Bxf3 37. Bg5 Qxf6 38. Bxf6+ Ke8 39. Bxg7 Rxg7 40. Rxg7 Be4 41.
Rxb7 Nxc3 42. g7 Bh7 {Black Resigns} 1-0

[Event "COMMONWEALTH CHESS CHAMPIONSHI"]
[Site "Nagpur,India"]
[Date "2008.10.02"]
[Round "6.71"]
[White "Shiven, Khosla"]
[Black "Ojas Gulhane"]
[Result "1-0"]
[WhiteElo "2141"]
[BlackElo "1822"]
[PlyCount "61"]
[EventDate "2008.09.28"]

1. e4 d5 2. exd5 Qxd5 3. Nc3 Qa5 4. d4 Nf6 5. Nf3 Nc6 6. Bd2 Bg4 7. Nb5 Qb6 8.
c4 Bxf3 9. Qxf3 Nxd4 10. Nxd4 Qxd4 11. Qxb7 Qe4+ 12. Qxe4 Nxe4 13. Be3 e6 14.
g3 a5 15. Bg2 f5 16. O-O Rb8 17. Bxe4 fxe4 18. Bd4 c5 19. Bc3 a4 20. Rae1 Kf7
21. Rxe4 Bd6 22. f4 Rhd8 23. Rfe1 Re8 24. Rd1 Rbd8 25. Ba5 Rd7 26. Rd2 Ra8 27.
Bc3 Ra6 28. Rde2 g6 29. Be5 Ke7 30. Kf2 Rb6 31. Kf3 {Black Resigns} 1-0

[Event "COMMONWEALTH CHESS CHAMPIONSHI"]
[Site "Nagpur,India"]
[Date "2008.10.02"]
[Round "6.72"]
[White "Ghate, V N."]
[Black "Das, Sayantan"]
[Result "0-1"]
[WhiteElo "1972"]
[BlackElo "2135"]
[PlyCount "104"]
[EventDate "2008.09.28"]

1. e4 e5 2. Nf3 Nc6 3. d4 exd4 4. Nxd4 Bc5 5. Be3 Qf6 6. c3 Nge7 7. Bc4 b6 8.
O-O Bb7 9. Nb5 O-O-O 10. Bxc5 bxc5 11. Nd2 Kb8 12. f4 d5 13. exd5 Nxd5 14. Ne4
Qe6 15. Re1 Qf5 16. Ned6 cxd6 17. Bxd5 a6 18. Qf3 Nd4 19. Nxd4 Qxd5 20. Qxd5
Bxd5 21. c4 Bb7 22. Nf5 d5 23. Rad1 d4 24. b4 cxb4 25. Nxd4 Rhe8 26. Rxe8 Rxe8
27. Kf2 Rc8 28. Rc1 Bd5 29. c5 Bxa2 30. Ra1 b3 31. Nxb3 Bxb3 32. Rb1 Rxc5 33.
Rxb3+ Kc7 34. Kf3 a5 35. g3 Kc6 36. Rb8 Rd5 37. Ke4 Rd7 38. Rb3 Kc5 39. Rb8 Kc6
40. Ra8 Kb6 41. Rb8+ Ka6 42. h4 a4 43. h5 Rb7 44. Ra8+ Ra7 45. Rb8 Ka5 46. Kd4
a3 47. Rb1 Ka4 48. Kc3 Rc7+ 49. Kd2 a2 50. Rf1 Ka3 51. Kd3 Kb2 52. Ke2 Rc1 {
White Resigns} 0-1